| 000 | 02592cam a22006013a 4500 | ||
|---|---|---|---|
| 999 | _c56816 | ||
| 001 | 10232867 | ||
| 003 | LIBRIS | ||
| 005 | 20210318122236.0 | ||
| 008 | 061006s2006 ne |||||||||||000 f|swe| | ||
| 020 |
_a9036488451 _qinb. |
||
| 035 | _a(Bo)384545 | ||
| 035 | _a(Mo)b1613383 | ||
| 040 |
_aNB _ea |
||
| 041 | 1 |
_aswe _hita |
|
| 082 | 0 | 4 |
_a853 _222 (machine generated) |
| 084 |
_aHi.01=c _2kssb/8 |
||
| 084 |
_aHcei.01 _2kssb/8 |
||
| 100 | 1 |
_aAgnello Hornby, Simonetta _4aut |
|
| 240 | 1 | 3 |
_aLa menulara. _lSvenska |
| 245 | 1 | 0 |
_aMandelplockerskan / _cSimonetta Agnello Hornby ; [översättning: Viveca Melander]. |
| 250 | _aStorstilsutg. | ||
| 264 | 1 |
_a[Abcoude] : _b[Grote letter bibliotheek], _c2006 |
|
| 300 | _a443 s. | ||
| 490 | 1 |
_aStorstilsbiblioteket, _x99-0171405-2 ; _v845 |
|
| 500 |
_5Bo _aAnnan upplaga kan finnas vid biblioteket |
||
| 500 |
_5Mo _aOrig:s titel: La Menulara |
||
| 500 |
_5Mo _aFörsta svenska upplaga 2004. Första upplaga i denna version 2006 |
||
| 500 |
_5Mo _asvenska |
||
| 653 | _aSkönlitteratur | ||
| 653 | _aSicilien | ||
| 653 | _aItalien | ||
| 653 | _aStorstil | ||
| 655 | 4 |
_5Mo _aStorstilsbok |
|
| 700 | 1 |
_aMelander, Viveca, _d1945- _4trl _0https://libris.kb.se/0xbdf6pj55r598r#it |
|
| 830 | 0 |
_aStorstilsbiblioteket, _x99-0171405-2 ; _v845 |
|
| 887 |
_a{"@id":"7qjjtjdk5ktffjl","modified":"2014-10-14T08:03:24+02:00","checksum":"89833259029"} _2librisxl |
||
| 887 |
_a{"@id":"rw3q5g7x5hk7r8v","modified":"2014-04-01T11:25:36+02:00","checksum":"49825805531"} _2librisxl |
||
| 887 |
_a{"@id":"sx437kjz0rqbrgz","modified":"2008-08-25T09:14:25+02:00","checksum":"55739789760"} _2librisxl |
||
| 887 |
_a{"@id":"tz60ht80517kc1v","modified":"2015-06-22T09:49:16+02:00","checksum":"64616267709"} _2librisxl |
||
| 887 |
_a{"@id":"z399p8842lnzt5c","modified":"2009-02-23T09:17:25+01:00","checksum":"76020364871"} _2librisxl |
||
| 887 |
_a{"@id":"chpjhq9j0g38gjh","modified":"2006-10-06T10:42:22+02:00","checksum":"60626483282"} _2librisxl |
||
| 942 |
_2z _cBOOK |
||